| 000 | 00556ntaaa2200193 4500 | ||
|---|---|---|---|
| 003 | 01 | ||
| 005 | 20251027202224.0 | ||
| 008 | 0714s1973 ag 01 | ||
| 040 |
_aAR-BaBN _bspa _cAR-BaBN _eaacr _dRIC |
||
| 082 | _a268.0000 R36m | ||
| 100 | _aRice, Lilian Moore | ||
| 245 | _aMejor enseñanza bíblica para los primarios en la escuela dominical | ||
| 250 | _arev. ed. | ||
| 260 |
_aEl Paso : _bCasa Bautista de Publicaciones, _c1966 |
||
| 300 | _a128 p | ||
| 650 | _aescuela dominical-primarios | ||
| 700 |
_aLerín, Olivia S.D. de _920721 |
||
| 942 | _cBK | ||
| 999 |
_c17077 _d17077 |
||